| 000 | 01027nam a2200289Ia 4500 | ||
|---|---|---|---|
| 001 | Para_1238 | ||
| 003 | CHAP | ||
| 008 | 220125s2001 xx 000 0 und d | ||
| 010 | _a199802 | ||
| 040 | _cCHAP | ||
| 090 | _aPA TESIS 1526 | ||
| 100 |
_aMancera Martínez, Manuel _970285 |
||
| 245 |
_aEfecto de dosis y época de aplicación del herbicida imazethapyr en el establecimiento de la alfalfa (Medicago sativa L.) en el norte de Guanajuato / _c por Manuel Mancera Martínez |
||
| 260 |
_aChapingo, Méx. : _b el autor |
||
| 300 | _a49 h. | ||
| 502 | _aTesis (Ing. Agr. Esp. en Parasitología Agrícola) -- UACh. Departamento Parasitología Agrícola | ||
| 650 |
_aAlfalfa _x malas hierbas _xcontrol _93875 |
||
| 650 |
_aAlfalfa _x rendimiento _93887 |
||
| 710 |
_aUACh. Departamento Parasitología Agrícola _9164025 |
||
| 901 | _aPA TESIS 1526 | ||
| 902 | _aA | ||
| 905 | _a0000002001 n 0000000000 00 | ||
| 910 | _a2001 | ||
| 942 | _cPARA | ||
| 942 |
_cPARA _d1 |
||
| 999 |
_c199802 _d199802 |
||